Rassismus, Vorurteile, Kommunikation: afrikanisch-europäische Begegnung in Hamburg
| Autor principal: | |
|---|---|
| Tipo de documento: | Print Libro |
| Lenguaje: | Alemán |
| Publicado: |
Berlin [u.a].
Reimer
1989
|
| En: |
Lebensformen (4)
Año: 1989 |
| Acceso en línea: |
Índice Índice |
| Verificar disponibilidad: | HBZ Gateway |
| Servicio de pedido Subito: | Pedir ahora. |
| Palabras clave: |
MARC
| LEADER | 00000cam a2200000 c 4500 | ||
|---|---|---|---|
| 001 | 025369660 | ||
| 003 | DE-627 | ||
| 005 | 20260206201947.0 | ||
| 007 | tu | ||
| 008 | 910311s1989 gw ||||| m 00| ||ger c | ||
| 010 | |a 89177630 | ||
| 015 | |a 89,N01,0111 |2 dnb | ||
| 015 | |a 89,N01,0111 |2 dnb | ||
| 016 | 7 | |a 890082448 |2 DE-101 | |
| 020 | |a 3496009918 |9 3-496-00991-8 | ||
| 035 | |a (DE-627)025369660 | ||
| 035 | |a (DE-603)008755884 | ||
| 035 | |a (DE-576)017063329 | ||
| 035 | |a (DE-599)GBV025369660 | ||
| 035 | |a (OCoLC)21294511 | ||
| 035 | |a (DE-H357)his39026 | ||
| 040 | |a DE-627 |b ger |c DE-627 |e rakwb | ||
| 041 | |a ger | ||
| 044 | |c XA-DE | ||
| 050 | 0 | |a GN585.G4 | |
| 082 | 0 | |a 303.482 |q OCLC | |
| 084 | |a 14 |a 25 |a 16 |2 sdnb | ||
| 084 | |a MS 9300 |2 rvk |0 (DE-625)rvk/123832: | ||
| 084 | |a MS 3450 |2 rvk |0 (DE-625)rvk/123681: | ||
| 084 | |a LB 48370 |2 rvk |0 (DE-625)rvk/90563:890 | ||
| 084 | |a LB 33000 |2 rvk |0 (DE-625)rvk/90538: | ||
| 100 | 1 | |a Dettmar, Erika |d 19XX-1999 |0 (DE-588)122007336 |0 (DE-627)705734498 |0 (DE-576)293044635 |4 aut | |
| 109 | |a Dettmar, Erika 19XX-1999 | ||
| 245 | 1 | 0 | |a Rassismus, Vorurteile, Kommunikation |b afrikanisch-europäische Begegnung in Hamburg |c Erika Dettmar |
| 264 | 1 | |a Berlin [u.a]. |b Reimer |c 1989 | |
| 300 | |a 427 S |b 21 cm |c 21 cm | ||
| 336 | |a Text |b txt |2 rdacontent | ||
| 337 | |a ohne Hilfsmittel zu benutzen |b n |2 rdamedia | ||
| 338 | |a Band |b nc |2 rdacarrier | ||
| 490 | 1 | |a Lebensformen |v 4 | |
| 502 | |a Zugl.: Hamburg, Univ., Diss., 1987 | ||
| 583 | 1 | |a Massenentsäuerung nicht möglich |2 pdager |5 DE-18 | |
| 583 | 1 | |a Massenentsäuerung nicht möglich |2 pdager |5 DE-H16 | |
| 650 | 0 | |a Intercultural communication |z Germany |z Hamburg | |
| 650 | 0 | |a Ethnocentrism |z Germany |z Hamburg | |
| 650 | 0 | |a Prejudices |z Germany |z Hamburg | |
| 650 | 0 | |a Germans |x Ethnic identity | |
| 650 | 0 | |a Africans |z Germany |z Hamburg |x Social conditions | |
| 650 | 4 | |a Rassismus | |
| 650 | 4 | |a Vorurteil | |
| 650 | 4 | |a Afrikaner | |
| 650 | 4 | |a Afrikanische Diaspora | |
| 650 | 4 | |a Fremde, das | |
| 650 | 4 | |a Deutsche | |
| 650 | 4 | |a Minderheit | |
| 650 | 4 | |a Großstadt | |
| 650 | 4 | |a Stadt | |
| 655 | 7 | |a Interview |0 (DE-588)4027503-6 |0 (DE-627)104767812 |0 (DE-576)208971211 |2 gnd-content | |
| 655 | 7 | |a Hochschulschrift |0 (DE-588)4113937-9 |0 (DE-627)105825778 |0 (DE-576)209480580 |2 gnd-content | |
| 689 | 0 | 0 | |d g |0 (DE-588)4023118-5 |0 (DE-627)106305433 |0 (DE-576)20894754X |a Hamburg |2 gnd |
| 689 | 0 | 1 | |d s |0 (DE-588)4133380-9 |0 (DE-627)104233826 |0 (DE-576)209643447 |a Afrikaner |2 gnd |
| 689 | 0 | 2 | |d s |0 (DE-588)4064037-1 |0 (DE-627)106125532 |0 (DE-576)209151420 |a Vorurteil |2 gnd |
| 689 | 0 | 3 | |d s |0 (DE-588)4033569-0 |0 (DE-627)106256653 |0 (DE-576)209002654 |a Kulturkontakt |2 gnd |
| 689 | 0 | 4 | |d s |0 (DE-588)4070334-4 |0 (DE-627)104798858 |0 (DE-576)20918020X |a Deutsche |2 gnd |
| 689 | 0 | |5 DE-101 | |
| 751 | |a Hamburg |0 (DE-588)4023118-5 |0 (DE-627)106305433 |0 (DE-576)20894754X |4 uvp | ||
| 830 | 0 | |a Lebensformen |v 4 |9 4 |w (DE-627)182240312 |w (DE-576)013354930 |w (DE-600)1189534-2 |7 am | |
| 856 | 4 | 2 | |u https://swbplus.bsz-bw.de/bsz017063329inh.htm |m B:DE-576;DE-352 |q application/pdf |v 20110713151234 |x Verlag |3 Inhaltsverzeichnis |7 1 |
| 856 | 4 | 2 | |u http://scans.hebis.de/HEBCGI/show.pl?00875588_toc.pdf |m V:DE-576;B:DE-352 |q application/pdf |3 Inhaltsverzeichnis |7 1 |
| 935 | |i Blocktest | ||
| 935 | |h HEB |i 0501 | ||
| 935 | |h HEB |i 0503 | ||
| 936 | r | v | |a MS 9300 |b Einzelfragen |k Soziologie |k Spezielle Soziologien |k Soziologie der Ethnologie |k Einzelfragen |0 (DE-627)1271441950 |0 (DE-625)rvk/123832: |0 (DE-576)201441950 |
| 936 | r | v | |a MS 3450 |b Schwarze Menschen; Segregation, Desegregation |k Soziologie |k Spezielle Soziologien |k Soziologie der Minoritäten und Randgruppen |k Schwarze Menschen; Segregation, Desegregation |0 (DE-627)1271295059 |0 (DE-625)rvk/123681: |0 (DE-576)201295059 |
| 936 | r | v | |a LB 48370 |b Afghanistan |k Sozial- und Kulturanthropologie. Empirische Kulturwissenschaft |k Soziale und politische Organisation und Praxis |k Ethnische Gruppen, Ethnizität, multikulturelle Gesellschaft |k Asien (ohne GUS) |k Vorderasien (Naher und mittlerer Osten) |k Afghanistan |0 (DE-627)1272679047 |0 (DE-625)rvk/90563:890 |0 (DE-576)202679047 |
| 936 | r | v | |a LB 33000 |b Sozialwissenschaftliche Methoden und Feldforschung |k Sozial- und Kulturanthropologie. Empirische Kulturwissenschaft |k Methoden und Techniken |k Sozialwissenschaftliche Methoden und Feldforschung |0 (DE-627)1328808327 |0 (DE-625)rvk/90538: |0 (DE-576)258808322 |
| 936 | s | n | |a l100 |2 mzub |
| 936 | s | n | |a m200 |2 mzub |
| 936 | s | n | |a m100 |2 mzub |
| 951 | |a BO | ||
| ELC | |b 1 | ||
| LOK | |0 000 xxxxxcx a22 zn 4500 | ||
| LOK | |0 001 331430529X | ||
| LOK | |0 003 DE-627 | ||
| LOK | |0 004 025369660 | ||
| LOK | |0 005 20141014093847 | ||
| LOK | |0 008 131016||||||||||||||||ger||||||| | ||
| LOK | |0 040 |a DE-21-110 |c DE-627 |d DE-21-110 | ||
| LOK | |0 689 |a s |a Rassismus | ||
| LOK | |0 689 |a s |a Vorurteile | ||
| LOK | |0 852 |z Kein Bestand am IfK; Nachweis für KrimDok | ||
| LOK | |0 852 |a DE-21-110 | ||
| LOK | |0 852 1 |m v |9 00 | ||
| LOK | |0 935 |a k110 | ||
| LOK | |0 938 |k v | ||
| LOK | |0 939 |a 16-10-13 |b l01 | ||
| ORI | |a SA-MARC-krimdoka001.raw | ||
